Kształty państw do góry nogami #14 - Statystyki

Ogólne statystyki
  • Ten quiz został rozwiązany 77 razy
  • Średni wynik to 9 z 14
Statystyki odpowiedzi
Obrazkowy Odpowiedź % Poprawnych
Turcja
93%
Sudan
87%
Słowacja
82%
Czarnogóra
73%
Kirgistan
73%
Ghana
69%
Malawi
68%
Macedonia Północna
66%
Liban
54%
Burundi
49%
Kambodża
49%
Lesotho
34%
Saint Vincent i Grenadyny
31%
Mauritius
23%
Nie znaleziono quizów pasujących do podanych kryteriów
Rozkład punktacji
Procent ludzi z każdym wynikiem
Percentyl według liczby udzielonych odpowiedzi
Twoja historia wyników
Nie rozwiązałeś tego quizu